| 000 | 01021nam a2200217 i 4500 | ||
|---|---|---|---|
| 001 | 167531 | ||
| 003 | ES-MaACL | ||
| 005 | 20250814013949.0 | ||
| 008 | 960320s1864 sp |||| | spa d | ||
| 100 | 1 |
_aVilanova y Piera, Juan, _d1821-1893 _9114785 |
|
| 245 | 1 | 0 | _aDiscurso pronunciado en la solemne inauguración del año académico de 1864 a 1865 en la Universidad Central por el doctor D. Juan Vilanova y Piera, catedrático de teología y paleontología en la Facultad de Ciencias. |
| 260 |
_aMadrid : _b[s.n.], _c1864 ( _fImp. de José M. Ducazcal) |
||
| 300 |
_a83 p. ; _c27 cm. |
||
| 530 | _aDisponible en formato digital. | ||
| 650 | 4 |
_aCiencias- _xEnseñanza- _zEspaña. _9152023 |
|
| 650 | 0 | 4 |
_aCiencias- _zEspaña _910975 |
| 710 | 2 | 0 |
_aUniversidad Central (Madrid) _97084 |
| 852 |
_aES-MaACL _jT-63-F-13 _z- Enc. hol., falto de cub. original _z- Enc. en un vol. facticio |
||
| 856 |
_uhttp://bdh-rd.bne.es/viewer.vm?id=0000102116&page=1 _zBiblioteca Digital Hispánica |
||
| 999 |
_c167531 _d167531 |
||